000 00370 a2200133 4500
005 20250617151735.0
020 _a0-07-023391-8
082 _aLM 621.319 GLI
100 _aGLISSON, T. H.
245 _aIntroduction to System Analysis
260 _aNew York,
_bMcgraw-hill, Inc,
_c1985.
300 _axv, 699p.: Ill.; figures & table.
_bIndex
_c22cm.
942 _2ddc
_cBKS
999 _c4237
_d4237